[Event "58h World U20 ch"]
[Site "New Delhi IND"]
[Date "2019.10.25"]
[Round "11.2"]
[White "Santos Ruiz, Miguel"]
[Black "Sargsian, Shant"]
[Result "0-1"]
[WhiteElo "2560"]
[BlackElo "2580"]
[EventDate "2019.10.15"]
[PlyCount "188"]

1.e4 c5 2.Nf3 d6 3.d4 cxd4 4.Nxd4 Nf6 5.Nc3 Bd7 6.g3 e5 7.Nde2 Bc6 8.Bg2 
Nbd7 9.Nd5 Be7 10.Nec3 Rc8 11.O-O O-O 12.b3 b5 13.Nxe7+ Qxe7 14.Qe2 Nc5 
15.Rd1 Rfd8 16.Bb2 Qb7 17.Rd2 Ncxe4 18.Nxe4 Nxe4 19.Bxe4 Bxe4 20.Rad1 Re8 
21.Re1 Bf3 22.Qd3 Re6 23.Re3 e4 24.Qd4 Rg6 25.Qd5 Qd7 26.Rxf3 exf3 27.Qxf3
Qc6 28.Qd1 Re6 29.Bd4 a6 30.Be3 h6 31.Qg4 Rce8 32.h4 Rg6 33.Qf4 Rf6 34.Qg4
Re4 35.Qd1 Rfe6 36.Kh2 Qc7 37.Rd3 Qe7 38.Rc3 Qf6 39.Qd3 Qf3 40.Qd2 Qf5 41.
Rd3 Qe5 42.Rd5 Rxh4+ 43.Kg2 Qe4+ 44.f3 Qxe3 45.Qxe3 Rxe3 46.gxh4 Re2+ 47.
Kg3 Rxc2 48.Rxd6 Rxa2 49.Rd8+ Kh7 50.h5 g6 51.Rd7 Kg7 52.hxg6 Kxg6 53.Rd6+
f6 54.b4 Rb2 55.Rxa6 Rxb4 56.Rb6 h5 57.Rb8 Kf5 58.Rh8 h4+ 59.Kf2 Kg6 60.
Ke3 Rc4 61.Rb8 b4 62.Kd3 Rc3+ 63.Ke4 b3 64.Kf4 h3 65.Kg3 h2 66.Kxh2 Rxf3 
67.Kg2 Rc3 68.Rb5 f5 69.Kf2 Kg5 70.Rb4 f4 71.Rb8 Kg4 72.Rg8+ Kf5 73.Rb8 
Ke4 74.Ke2 f3+ 75.Kd2 Rc2+ 76.Kd1 f2 77.Re8+ Kd3 78.Rd8+ Kc3 79.Rd3+ Kb4 
80.Rxb3+ Kc4 81.Rf3 Ra2 82.Rf8 Kd3 83.Rf3+ Ke4 84.Rf8 Ke3 85.Re8+ Kf3 86.
Rf8+ Kg2 87.Rg8+ Kf1 88.Rg7 Ra8 89.Kd2 Rd8+ 90.Kc2 Rd5 91.Rg8 Ke2 92.Re8+ 
Kf3 93.Rf8+ Ke3 94.Kc3 Rc5+ 0-1

[Event "58h World U20 ch"]
[Site "New Delhi IND"]
[Date "2019.10.25"]
[Round "11.3"]
[White "Aravindh, Chithambaram"]
[Black "Hakobian, Aram"]
[Result "1/2-1/2"]
[WhiteElo "2609"]
[BlackElo "2561"]
[EventDate "2019.10.15"]
[PlyCount "128"]

1.d4 Nf6 2.c4 e6 3.Nc3 Bb4 4.Qc2 d5 5.cxd5 exd5 6.Bf4 c5 7.dxc5 Qa5 8.e3 
Nbd7 9.Ne2 Nxc5 10.a3 Nce4 11.Rc1 Bxc3+ 12.Nxc3 O-O 13.Bd3 Nxc3 14.Qxc3 
Qxc3+ 15.Rxc3 d4 16.Rc4 dxe3 17.Bxe3 Be6 18.Rh4 h6 19.f3 Rfd8 20.Ke2 Nd5 
21.Rc1 Nxe3 22.Kxe3 Rd7 23.Rd4 Re7 24.Kf2 Kf8 25.Bb5 a6 26.Ba4 b5 27.Bd1 
Rd7 28.Rxd7 Bxd7 29.Rc7 Ke7 30.f4 Kd8 31.Rc5 Rc8 32.Rxc8+ Bxc8 33.Ke3 Kc7 
34.Kd4 Kd6 35.b4 Bd7 36.Bf3 Bc8 37.h4 f6 38.Be4 Bd7 39.Bg6 Bc8 40.Bc2 Bd7 
41.Bb1 Be6 42.Be4 Bd7 43.g3 Bc8 44.Bd5 Bd7 45.Bg8 Bf5 46.Bb3 Bc8 47.Ke4 
Bd7 48.Bg8 Bc8 49.Bh7 Bd7 50.Bf5 Be6 51.g4 Bf7 52.Kd4 g5 53.fxg5 fxg5 54.
hxg5 hxg5 55.Bc8 Be8 56.Ke4 Bg6+ 57.Ke3 Be8 58.Kd4 Bc6 59.Bxa6 Bd7 60.Ke4 
Kc6 61.Ke5 Kb6 62.Bxb5 Kxb5 63.a4+ Kxb4 64.Kf6 Kxa4 1/2-1/2

[Event "58h World U20 ch"]
[Site "New Delhi IND"]
[Date "2019.10.25"]
[Round "11.5"]
[White "Karthikeyan, Murali"]
[Black "Janik, Igor"]
[Result "1-0"]
[WhiteElo "2617"]
[BlackElo "2467"]
[EventDate "2019.10.15"]
[PlyCount "61"]

1.Nf3 Nf6 2.g3 b6 3.Bg2 Bb7 4.O-O e6 5.c4 c5 6.Nc3 Nc6 7.e4 d6 8.d4 cxd4 
9.Nxd4 Rc8 10.b3 Be7 11.Bb2 O-O 12.Re1 Rc7 13.Nxc6 Bxc6 14.Qe2 Qa8 15.a4 
a6 16.Rad1 Nd7 17.Nd5 exd5 18.exd5 Bxa4 19.Qxe7 Bxb3 20.Qxd6 Qd8 21.Rc1 
Rxc4 22.Qa3 Nc5 23.Rxc4 Bxc4 24.Qc3 Qf6 25.Qc1 Qxf2+ 26.Kxf2 Nd3+ 27.Ke3 
Nxc1 28.Rxc1 Bb5 29.d6 Re8+ 30.Kd4 g5 31.Bc6 1-0

[Event "58h World U20 ch"]
[Site "New Delhi IND"]
[Date "2019.10.25"]
[Round "11.6"]
[White "Bronstein, Or"]
[Black "Kollars, Dmitrij"]
[Result "1/2-1/2"]
[WhiteElo "2413"]
[BlackElo "2587"]
[EventDate "2019.10.15"]
[PlyCount "63"]

1.d4 d5 2.c4 e6 3.Nf3 a6 4.cxd5 exd5 5.Nc3 c6 6.Qc2 Bd6 7.Bg5 Ne7 8.e3 Bg4
9.Bd3 Nd7 10.O-O-O h6 11.Bh4 Qa5 12.Kb1 O-O-O 13.Rc1 Bxf3 14.gxf3 Kb8 15.
f4 g5 16.fxg5 hxg5 17.Bg3 Bxg3 18.hxg3 Rxh1 19.Rxh1 c5 20.Qe2 Nc6 21.Qg4 
cxd4 22.exd4 Qb4 23.Nxd5 Qxd4 24.Qxd4 Nxd4 25.Ne3 Ne5 26.Be4 Nb5 27.Rh5 
Nd6 28.Bd5 f6 29.Rh6 Rf8 30.Rh7 f5 31.Rh5 Nd3 32.Rxg5 1/2-1/2

[Event "58h World U20 ch"]
[Site "New Delhi IND"]
[Date "2019.10.25"]
[Round "11.7"]
[White "Raghunandan, Kaumandur Srihari"]
[Black "Praggnanandhaa, Rameshbabu"]
[Result "1/2-1/2"]
[WhiteElo "2449"]
[BlackElo "2567"]
[EventDate "2019.10.15"]
[PlyCount "106"]

1.e4 c5 2.Nf3 Nc6 3.d4 cxd4 4.Nxd4 Nf6 5.Nc3 d6 6.Bg5 e6 7.Qd2 a6 8.O-O-O 
Be7 9.f4 Bd7 10.Nf3 b5 11.a3 Qa5 12.Kb1 b4 13.axb4 Nxb4 14.Bc4 Rd8 15.Rhe1
O-O 16.Bb3 Qc7 17.f5 Nc6 18.fxe6 fxe6 19.Bf4 Ne5 20.Qe2 Rb8 21.Bxe5 dxe5 
22.Qc4 Qxc4 23.Bxc4 Bb4 24.Kc1 Bxc3 25.bxc3 Kf7 26.Nxe5+ Ke7 27.Bxa6 Rb6 
28.Bc4 Rc8 29.Rd4 Bb5 30.Bb3 Rxc3 31.Rb4 Rc5 32.Nd3 Rcc6 33.Ne5 Rc5 34.Nd3
Rcc6 35.Kb2 Nd7 36.Rb1 Rd6 37.Kc3 Rbc6+ 38.Kd2 Ba6 39.Ba4 Rc7 40.Ke3 Rc3 
41.Kd2 Ra3 42.Bb5 Nc5 43.Bxa6 Raxa6 44.Ke3 Ra3 45.Rd4 Rc6 46.Kf4 Rc3 47.
Nxc5 R6xc5 48.Rb7+ Kf6 49.Rdd7 g5+ 50.Kg4 Rxc2 51.g3 h5+ 52.Kxh5 Rxh2+ 53.
Kg4 Ke5 1/2-1/2

[Event "58h World U20 ch"]
[Site "New Delhi IND"]
[Date "2019.10.25"]
[Round "11.8"]
[White "Mendonca, Leon Luke"]
[Black "Harsha, Bharathakoti"]
[Result "1/2-1/2"]
[WhiteElo "2388"]
[BlackElo "2530"]
[EventDate "2019.10.15"]
[PlyCount "171"]

1.d4 d5 2.c4 dxc4 3.Nf3 Nf6 4.Nc3 e6 5.e4 b5 6.e5 Nd5 7.Nxb5 Nb6 8.Nc3 Qd7
9.Be3 Be7 10.Ng5 Bb7 11.Nge4 Bxe4 12.Nxe4 Bb4+ 13.Nc3 Nc6 14.Qd2 O-O 15.
Be2 Rad8 16.Rd1 Qe7 17.Qc2 f5 18.exf6 Qxf6 19.O-O Nxd4 20.Bxd4 Rxd4 21.Ne4
Qe5 22.Rxd4 Qxd4 23.Ng5 Qh4 24.Nxe6 Re8 25.Nxc7 Qe4 26.Qxe4 Rxe4 27.Bf3 
Rd4 28.Rd1 Rxd1+ 29.Bxd1 Bd2 30.Kf1 Kf7 31.Ke2 Bc1 32.b3 cxb3 33.Bxb3+ Ke7
34.h4 Bb2 35.Ne6 Nd7 36.Nf4 Nf6 37.Kf3 Ba1 38.Bc4 Kd6 39.Bb3 Nd7 40.Kg4 
Nf6+ 41.Kf3 Bb2 42.Nd3 Bc3 43.Kf4 Nd7 44.Bg8 Bd2+ 45.Kg3 Nf6 46.Bf7 Nd7 
47.f4 Nc5 48.Nf2 Bc3 49.Kf3 Bd4 50.g3 Ke7 51.Bc4 Nb7 52.Ng4 Nd6 53.Bb3 Bc5
54.Bc2 h6 55.Bd3 Bd4 56.Ne5 Bc5 57.Kg4 Nf7 58.Nc6+ Kf6 59.Nb8 Ke7 60.Bc4 
Nd6 61.Nc6+ Kf6 62.Bb3 g6 63.Ne5 Bd4 64.Bc2 h5+ 65.Kf3 Nf5 66.Nxg6 Kxg6 
67.g4 hxg4+ 68.Kxg4 Kf6 69.Bxf5 Bc5 70.a4 a5 71.Bd3 Bf8 72.Kf3 Bh6 73.Ke4 
Bf8 74.Kd5 Bh6 75.f5 Bd2 76.Kc6 Bc1 77.Kb6 Bd2 78.Kb5 Be1 79.Bc2 Bd2 80.h5
Kg5 81.f6 Kxf6 82.h6 Bxh6 83.Kxa5 Bd2+ 84.Kb5 Ke5 85.a5 Bxa5 86.Kxa5 
1/2-1/2

[Event "58h World U20 ch"]
[Site "New Delhi IND"]
[Date "2019.10.25"]
[Round "11.9"]
[White "Arjun, Kalyan"]
[Black "Costachi, Mihnea"]
[Result "0-1"]
[WhiteElo "2483"]
[BlackElo "2463"]
[EventDate "2019.10.15"]
[PlyCount "84"]

1.e4 e5 2.Nf3 Nf6 3.Nxe5 d6 4.Nf3 Nxe4 5.d4 d5 6.Bd3 Bd6 7.O-O O-O 8.c4 c6
9.Qc2 Na6 10.a3 Bg4 11.Ne5 Bxe5 12.dxe5 Nac5 13.cxd5 cxd5 14.f3 Rc8 15.Be3
d4 16.Bxe4 dxe3 17.Bxh7+ Kh8 18.fxg4 Qd4 19.Nc3 e2+ 20.Rf2 g6 21.Nxe2 Qe3 
22.Nc3 Nd3 23.Rd1 Rcd8 24.Rxd3 Rxd3 25.Kf1 Kxh7 26.e6 Rd4 27.Qe2 Qc1+ 28.
Qe1 Qxe1+ 29.Kxe1 Kg7 30.Nb5 Rxg4 31.Nxa7 Re4+ 32.Re2 Rxe6 33.Rxe6 fxe6 
34.Nb5 Kf6 35.Ke2 Ke5 36.Nc3 Rf5 37.b4 Kd4 38.Na4 Re5+ 39.Kf2 Re3 40.Nc5 
b6 41.Nd7 Rxa3 42.h4 Ra7 0-1

[Event "58h World U20 ch"]
[Site "New Delhi IND"]
[Date "2019.10.25"]
[Round "11.10"]
[White "Lobanov, Sergei"]
[Black "Batsuren, Dambasuren"]
[Result "1/2-1/2"]
[WhiteElo "2516"]
[BlackElo "2454"]
[EventDate "2019.10.15"]
[PlyCount "81"]

1.e4 d6 2.d4 Nf6 3.Nc3 g6 4.f4 Bg7 5.Nf3 O-O 6.Bd3 Na6 7.O-O c5 8.d5 Bg4 
9.h3 Bxf3 10.Rxf3 Nc7 11.a4 a6 12.Qe2 e6 13.dxe6 Nxe6 14.Qf1 Nd4 15.Rf2 
Re8 16.f5 gxf5 17.Bg5 h6 18.Bh4 b5 19.exf5 d5 20.Ne2 Nxe2+ 21.Bxe2 c4 22.
axb5 axb5 23.Rxa8 Qxa8 24.Bf3 Qa7 25.Kh1 Qd4 26.Bxf6 Bxf6 27.c3 Qc5 28.Rd2
d4 29.cxd4 Bxd4 30.Bc6 Be3 31.Bxe8 Bxd2 32.Qd1 c3 33.bxc3 Qxc3 34.Bxb5 Qc1
35.Qxc1 Bxc1 36.g3 Kg7 37.Kg2 Ba3 38.Kf3 Bd6 39.g4 Bc7 40.Bc4 Bd6 41.Ke4 
1/2-1/2

[Event "58h World U20 ch"]
[Site "New Delhi IND"]
[Date "2019.10.25"]
[Round "11.11"]
[White "Di Benedetto, Edoardo"]
[Black "Iniyan, Panneerselvam"]
[Result "1/2-1/2"]
[WhiteElo "2401"]
[BlackElo "2509"]
[EventDate "2019.10.15"]
[PlyCount "172"]

1.d4 Nf6 2.c4 g6 3.g3 Bg7 4.Bg2 O-O 5.Nf3 d6 6.Nc3 Nc6 7.O-O a6 8.b3 Rb8 
9.d5 Na5 10.Bg5 h6 11.Bxf6 Bxf6 12.Rc1 c5 13.dxc6 Nxc6 14.Nd5 Bg7 15.Qd2 
e6 16.Nc3 Qe7 17.Rfd1 Rd8 18.e3 Kh7 19.h4 f5 20.Na4 e5 21.Nb6 Be6 22.b4 e4
23.Nd4 Nxd4 24.exd4 Qc7 25.d5 Bf7 26.c5 h5 27.Rc2 Qe7 28.Nc4 Bh6 29.Qe2 
dxc5 30.d6 Qf6 31.bxc5 Rbc8 32.Na5 Be8 33.Nxb7 Bb5 34.Qe1 Rd7 35.Na5 Bd3 
36.Rc3 Rxd6 37.cxd6 Rxc3 38.Nb7 Bf8 39.d7 Be7 40.d8=Q Bxd8 41.Nxd8 Rc7 42.
Ne6 Qxe6 43.Rxd3 Qxa2 44.Rd8 a5 45.Qd2 Qxd2 46.Rxd2 Ra7 47.Ra2 a4 48.Ra3 
g5 49.hxg5 Kg6 50.Bf1 Kxg5 51.Bb5 Ra5 52.Bxa4 h4 53.gxh4+ Kxh4 54.Kg2 f4 
55.Rh3+ Kg5 56.Bc6 Re5 57.Rh1 f3+ 58.Kg3 e3 59.Bxf3 exf2 60.Kxf2 Kf6 61.
Rh6+ Ke7 62.Kg3 Re1 63.Kf4 Rf1 64.Ke3 Ra1 65.Be4 Re1+ 66.Kd4 Rd1+ 67.Ke5 
Re1 68.Rh7+ Ke8 69.Kd5 Kf8 70.Ra7 Re2 71.Bf5 Re7 72.Ra6 Kg7 73.Be6 Kf6 74.
Rb6 Ra7 75.Kd4 Ra1 76.Bd5+ Ke7 77.Ke5 Re1+ 78.Be4 Re2 79.Rb7+ Ke8 80.Kf5 
Kd8 81.Rb4 Ke7 82.Rb1 Rf2+ 83.Ke5 Re2 84.Ra1 Ke8 85.Ra4 Ke7 86.Rb4 Re1 
1/2-1/2

[Event "58h World U20 ch"]
[Site "New Delhi IND"]
[Date "2019.10.25"]
[Round "11.12"]
[White "Nigmatov, Ortik"]
[Black "Raja, Harshit"]
[Result "0-1"]
[WhiteElo "2494"]
[BlackElo "2440"]
[EventDate "2019.10.15"]
[PlyCount "90"]

1.Nf3 d5 2.e3 Nf6 3.c4 e6 4.b3 b6 5.Bb2 Bb7 6.Nc3 Nbd7 7.d4 a6 8.Bd3 Bd6 
9.Qc2 c5 10.cxd5 exd5 11.O-O O-O 12.Rad1 Rc8 13.dxc5 bxc5 14.Bf5 Qc7 15.
Ne2 Rcd8 16.Ng3 Rfe8 17.Rc1 a5 18.Rfd1 g6 19.Bh3 Bf8 20.Qc3 Be7 21.e4 Nb6 
22.Qxa5 dxe4 23.Ne5 Ra8 24.Qb5 Nbd5 25.Nd7 Nxd7 26.Qxd7 Qxd7 27.Bxd7 Red8 
28.Ba4 Nb4 29.Ba3 Nxa2 30.Rxd8+ Rxd8 31.Re1 Nc3 32.f3 f5 33.fxe4 fxe4 34.
Bb2 Bf6 35.Nf1 Bd4+ 36.Kh1 Nxa4 37.Bxd4 cxd4 38.bxa4 e3 39.h3 Rf8 40.Nxe3 
dxe3 41.Rxe3 Rf1+ 42.Kh2 Rf2 43.Rg3 Ra2 44.h4 Rxa4 45.Rb3 Bd5 0-1

[Event "58h World U20 ch"]
[Site "New Delhi IND"]
[Date "2019.10.25"]
[Round "11.13"]
[White "Albornoz Cabrera, Carlos Daniel"]
[Black "Davtian, Artur"]
[Result "1/2-1/2"]
[WhiteElo "2581"]
[BlackElo "2418"]
[EventDate "2019.10.15"]
[PlyCount "158"]

1.Nf3 d5 2.d4 Nf6 3.c4 e6 4.Nc3 Be7 5.Bg5 h6 6.Bh4 O-O 7.e3 b6 8.Bxf6 Bxf6
9.cxd5 exd5 10.Be2 Be6 11.O-O Nc6 12.Qa4 Ne7 13.Rfd1 c6 14.e4 g6 15.Ne5 
Qc7 16.exd5 cxd5 17.f4 a6 18.Qb3 Qb7 19.Bf3 Rfc8 20.Rac1 Rab8 21.Na4 Rxc1 
22.Rxc1 Nf5 23.Qd3 Rc8 24.Rxc8+ Qxc8 25.Nc3 b5 26.a3 Qb7 27.Bg4 Nxd4 28.
Qxd4 Bxg4 29.Nxd5 Bg7 30.Qc5 Be6 31.Ne7+ Kh7 32.N7c6 Qc7 33.b4 Bf6 34.Qe3 
Bd5 35.Nd4 Bg7 36.h4 Qb7 37.Qf2 Be4 38.Nb3 Qd5 39.Nc5 Bf5 40.Qe3 g5 41.
hxg5 hxg5 42.Nf3 g4 43.Ne5 Bf6 44.Qg3 a5 45.Kh2 axb4 46.axb4 Be7 47.Ncd3 
f6 48.Qh4+ Kg7 49.Nf2 Qd4 50.Nexg4 Qxf4+ 51.g3 Qd2 52.Qh5 Qg5 53.Qxg5+ 
fxg5 54.Ne3 Be6 55.Nd3 Kf6 56.Kg2 Bc4 57.Nb2 Bb3 58.Nd3 Bc4 59.Nb2 Ba2 60.
Nd3 Ke6 61.Kf3 Bb1 62.Nc5+ Ke5 63.Ke2 Bxc5 64.bxc5 Be4 65.Ng4+ Kd4 66.Nf2 
Bd5 67.Kd2 b4 68.Kc2 Kxc5 69.g4 Bg2 70.Nd3+ Kd4 71.Nxb4 Ke3 72.Kd1 Bf3+ 
73.Ke1 Bb7 74.Na2 Bd5 75.Nc3 Bc4 76.Nd1+ Kf3 77.Nf2 Kg3 78.Ne4+ Kxg4 79.
Kf2 Bf1 1/2-1/2

[Event "58h World U20 ch"]
[Site "New Delhi IND"]
[Date "2019.10.25"]
[Round "11.14"]
[White "Muthaiah, A. L."]
[Black "Visakh, Narayanan Rajeswari"]
[Result "0-1"]
[WhiteElo "2370"]
[BlackElo "2529"]
[EventDate "2019.10.15"]
[PlyCount "132"]

1.Nf3 Nf6 2.g3 b5 3.Bg2 Bb7 4.O-O e6 5.d3 d5 6.a4 b4 7.Nbd2 Be7 8.e4 c5 9.
exd5 exd5 10.d4 O-O 11.dxc5 Nbd7 12.Nd4 Nxc5 13.Nf5 Re8 14.Nxe7+ Qxe7 15.
Nf3 b3 16.Bg5 bxc2 17.Qxc2 Ne6 18.Be3 Rec8 19.Qd3 Qb4 20.Qa3 Rc4 21.Rfd1 
Qxa3 22.Rxa3 Rb4 23.Ra2 a5 24.Nd4 Ng4 25.Nc2 Nxe3 26.Nxe3 d4 27.Nc2 Rb6 
28.Na3 Bxg2 29.Kxg2 Rb3 30.Nb5 Rd8 31.Rd2 Rb4 32.Na7 Rd6 33.Ra1 g6 34.Nb5 
Rd7 35.Rc1 Rxa4 36.Rc8+ Kg7 37.Ra8 Nc5 38.Ra7 Rxa7 39.Nxa7 Rc4 40.Nb5 Nb3 
41.Rd1 Rb4 42.Na3 Nc5 43.Rb1 d3 44.Kf3 Na4 45.Ke3 Nxb2 46.Rc1 a4 47.Kd2 
Rb3 48.Nb1 a3 49.Nc3 Rb4 50.Ra1 Rd4 51.Nb5 Re4 52.Nc3 Re8 53.f4 Rd8 54.Nd1
Nxd1 55.Kxd1 Ra8 56.Ra2 Kf6 57.Kd2 Kf5 58.Kxd3 Kg4 59.Ke3 h5 60.Kf2 Kh3 
61.Ke3 f6 62.Ke4 Ra4+ 63.Kd5 h4 64.gxh4 Kxh4 65.Ke6 Ra6+ 66.Kf7 f5 0-1

[Event "58h World U20 ch"]
[Site "New Delhi IND"]
[Date "2019.10.25"]
[Round "11.15"]
[White "Raja Rithvik, R."]
[Black "Khanin, Semen"]
[Result "1/2-1/2"]
[WhiteElo "2369"]
[BlackElo "2507"]
[EventDate "2019.10.15"]
[PlyCount "117"]

1.d4 Nf6 2.c4 g6 3.g3 Bg7 4.Bg2 d5 5.Nf3 O-O 6.O-O c6 7.b3 dxc4 8.bxc4 c5 
9.Bb2 cxd4 10.Nxd4 Qb6 11.Qb3 Rd8 12.e3 Na6 13.Nc3 Nc5 14.Qa3 a5 15.Rab1 
Qb4 16.Nd5 Nxd5 17.cxd5 Bd7 18.Rfc1 Rdc8 19.Nc6 bxc6 20.Qxb4 axb4 21.Rxc5 
Bf5 22.e4 cxd5 23.Rxc8+ Bxc8 24.Bxg7 Kxg7 25.Rxb4 Rxa2 26.h4 dxe4 27.Bxe4 
h6 28.Rb5 Rd2 29.Kg2 Kf6 30.Rc5 Be6 31.Kf3 Rb2 32.Bd5 Bf5 33.g4 Bb1 34.g5+
hxg5 35.hxg5+ Kg7 36.Ke3 e6 37.Bc6 Rb3+ 38.Kd4 Rb4+ 39.Ke3 Bf5 40.f4 Rb8 
41.Bg2 Rd8 42.Bf1 Rd7 43.Be2 f6 44.Bb5 Ra7 45.gxf6+ Kxf6 46.Be2 Ra3+ 47.
Kf2 Be4 48.Re5 Bd5 49.Re3 Ra4 50.Kg3 Ra1 51.Re5 Ra2 52.Re3 Ke7 53.Kg4 Kd6 
54.Bd3 Ra3 55.Rg3 e5 56.fxe5+ Kxe5 57.Bxg6 Be6+ 58.Kh4 Rxg3 59.Kxg3 
1/2-1/2

[Event "58h World U20 ch"]
[Site "New Delhi IND"]
[Date "2019.10.25"]
[Round "11.16"]
[White "Drygalov, Sergei"]
[Black "Agmanov, Zhandos"]
[Result "1-0"]
[WhiteElo "2470"]
[BlackElo "2403"]
[EventDate "2019.10.15"]
[PlyCount "69"]

1.d4 Nf6 2.c4 e6 3.Nf3 d5 4.Nc3 Bb4 5.Qa4+ Nc6 6.e3 O-O 7.Qc2 Re8 8.Bd2 
Bd6 9.a3 dxc4 10.Bxc4 h6 11.h3 a6 12.O-O e5 13.b4 Bd7 14.Rad1 Qc8 15.Nd5 
Nxd5 16.Bxd5 exd4 17.exd4 Ne7 18.Be4 c6 19.Rfe1 Nd5 20.Ne5 Be6 21.Bd3 Qd8 
22.Re4 Be7 23.Rde1 Bf5 24.R4e2 Bxd3 25.Nxd3 Rf8 26.Ne5 Bd6 27.Re4 Nf6 28.
R4e3 Re8 29.Rg3 Kf8 30.Ree3 Bxe5 31.dxe5 Ng8 32.Qh7 g5 33.e6 Rxe6 34.Rxe6 
Qxd2 35.Rf3 1-0

[Event "58h World U20 ch"]
[Site "New Delhi IND"]
[Date "2019.10.25"]
[Round "11.17"]
[White "Haria, Ravi"]
[Black "Zlatin, Alexander"]
[Result "1-0"]
[WhiteElo "2463"]
[BlackElo "2263"]
[EventDate "2019.10.15"]
[PlyCount "63"]

1.e4 e5 2.Nf3 Nc6 3.Bc4 Bc5 4.c3 Nf6 5.d3 d6 6.O-O h6 7.Re1 Qe7 8.Nbd2 g5 
9.Nf1 g4 10.N3d2 g3 11.Nxg3 Ng4 12.Rf1 Rg8 13.Qf3 Nd8 14.h3 Qh4 15.Nf5 
Bxf5 16.Qxf5 Nf6 17.d4 Rg5 18.Nf3 Rxf5 19.Nxh4 Rh5 20.Nf5 Rxf5 21.exf5 
exd4 22.Bxh6 d5 23.Bd3 dxc3 24.bxc3 Nc6 25.Bg5 Nd7 26.Rfe1+ Kf8 27.Bb5 f6 
28.Bh6+ Kf7 29.Rad1 Nde5 30.Rxd5 Re8 31.Rxc5 Nf3+ 32.gxf3 1-0

[Event "58h World U20 ch"]
[Site "New Delhi IND"]
[Date "2019.10.25"]
[Round "11.18"]
[White "Pogosian, Stefan"]
[Black "Rahul Srivatshav, P."]
[Result "1-0"]
[WhiteElo "2364"]
[BlackElo "2460"]
[EventDate "2019.10.15"]
[PlyCount "79"]

1.d4 Nf6 2.c4 g6 3.Nc3 Bg7 4.e4 d6 5.Nf3 O-O 6.Be2 e5 7.O-O Nc6 8.d5 Ne7 
9.b4 a5 10.Ba3 Re8 11.bxa5 Rxa5 12.Bb4 Ra8 13.a4 Bf8 14.Qd3 c5 15.dxc6 
Nxc6 16.Ba3 Bg4 17.Rfd1 Nd4 18.Rab1 Qa5 19.Bb4 Qd8 20.Nxd4 exd4 21.Bxg4 
dxc3 22.Bf3 Nd7 23.Bxc3 Ne5 24.Qd5 Qf6 25.Be2 Rxa4 26.Rxb7 Ra2 27.Re1 Rc2 
28.Bd4 h5 29.f4 Qxf4 30.Rf1 Rc1 31.Bd1 Rxd1 32.Rxd1 Bg7 33.Rf1 Qd2 34.Bxe5
Qxd5 35.exd5 Bxe5 36.Rfxf7 Rc8 37.g3 h4 38.gxh4 Ra8 39.Rfc7 Rf8 40.Kg2 1-0

[Event "58h World U20 ch"]
[Site "New Delhi IND"]
[Date "2019.10.25"]
[Round "11.19"]
[White "Parkhov, Yair"]
[Black "Muradli, Mahammad"]
[Result "1-0"]
[WhiteElo "2350"]
[BlackElo "2459"]
[EventDate "2019.10.15"]
[PlyCount "139"]

1.d4 Nf6 2.c4 e6 3.Nf3 d5 4.g3 dxc4 5.Bg2 Bb4+ 6.Bd2 a5 7.Qc2 Bxd2+ 8.Qxd2
c6 9.a4 Ne4 10.Qf4 Qb6 11.O-O Qxb2 12.Ne5 O-O 13.Na3 Nd2 14.Rfd1 c3 15.Nd3
Qb3 16.Nc5 Qb4 17.Nc2 Qb2 18.Ne1 e5 19.Qxe5 c2 20.Nxc2 Qxc2 21.Rac1 Qa2 
22.Ra1 Qb2 23.Nd3 Qc2 24.Rac1 Qxa4 25.Rxd2 Nd7 26.Qd6 Nf6 27.Rb2 Bf5 28.
Rxb7 Bxd3 29.exd3 Qa2 30.Qxc6 a4 31.Qc4 Qd2 32.Rxf7 Rxf7 33.Bxa8 g6 34.Qc3
Qxc3 35.Rxc3 Ra7 36.Bf3 a3 37.Rc1 Kf7 38.Kf1 Ke6 39.Ke2 g5 40.Kd2 g4 41.
Bd1 Kd6 42.Ra1 h5 43.f3 Ra5 44.fxg4 hxg4 45.Bb3 Ne8 46.Kc3 Nc7 47.Bc4 Nd5+
48.Bxd5 Kxd5 49.Kb4 Ra8 50.Rxa3 Rc8 51.Kb3 Kxd4 52.Ra4+ Kxd3 53.Rxg4 Rb8+ 
54.Rb4 Rh8 55.h4 Rh5 56.Ka4 Ke3 57.Rb5 Rh6 58.Kb4 Kf3 59.Rg5 Ke4 60.Kc3 
Rc6+ 61.Kd2 Ra6 62.h5 Ra7 63.Rg6 Kd4 64.Rg4+ Ke5 65.Ke3 Ra3+ 66.Kf2 Ra2+ 
67.Kf3 Kf6 68.Rg6+ Kf7 69.Rb6 Ra4 70.g4 1-0

[Event "58h World U20 ch"]
[Site "New Delhi IND"]
[Date "2019.10.25"]
[Round "11.20"]
[White "Audi, Ameya"]
[Black "Bharath, Subramaniyam H."]
[Result "0-1"]
[WhiteElo "2336"]
[BlackElo "2417"]
[EventDate "2019.10.15"]
[PlyCount "116"]

1.e4 c5 2.Nf3 Nc6 3.d4 cxd4 4.Nxd4 Nf6 5.Nc3 e5 6.Ndb5 d6 7.Bg5 a6 8.Na3 
b5 9.Nd5 Be7 10.Bxf6 Bxf6 11.c3 Bg5 12.h4 Bh6 13.Nc2 Rb8 14.a4 bxa4 15.
Ncb4 Bd7 16.Bxa6 Nxb4 17.Nxb4 Rb6 18.Bd3 O-O 19.Bc2 d5 20.Qxd5 Qe7 21.Rd1 
Bg4 22.f3 Rxb4 23.cxb4 Qxb4+ 24.Kf1 Be6 25.Qxe5 Bc4+ 26.Kf2 g6 27.Qc3 Qxc3
28.bxc3 a3 29.Rd7 Rc8 30.Rhd1 a2 31.Rd8+ Rxd8 32.Rxd8+ Kg7 33.Rd1 Bd2 34.
e5 Bxc3 35.f4 a1=Q 36.Rxa1 Bd4+ 37.Kg3 Bxa1 38.Kh3 Bd5 39.g3 h5 40.Bd3 Bc3
41.Bc2 Kf8 42.Ba4 Ke7 43.Bb5 Kd8 44.Ba4 Kc7 45.Bc2 Be6+ 46.Kh2 Kc6 47.Be4+
Kc5 48.Bf3 Kd4 49.Bc6 Bd5 50.Be8 Ke3 51.Ba4 Kf2 52.Bb5 Be1 53.Ba4 Bd2 54.
Bc2 g5 55.fxg5 Bc3 56.Bd1 Bxe5 57.Bxh5 Bg2 58.Bxf7 Bxg3# 0-1

[Event "58h World U20 ch"]
[Site "New Delhi IND"]
[Date "2019.10.25"]
[Round "11.21"]
[White "Garidmagnai, Byambasuren"]
[Black "Gazik, Viktor"]
[Result "0-1"]
[WhiteElo "2327"]
[BlackElo "2546"]
[EventDate "2019.10.15"]
[PlyCount "110"]

1.d4 Nf6 2.c4 e5 3.dxe5 Ng4 4.Bf4 g5 5.Bg3 Bg7 6.Nf3 Nc6 7.Nc3 Ngxe5 8.
Nxe5 Nxe5 9.e3 d6 10.Rc1 Be6 11.Nb5 Qe7 12.Be2 O-O 13.O-O f5 14.Qd2 Ng6 
15.f4 g4 16.Rfe1 a6 17.Nd4 Bd7 18.Bd3 Rae8 19.Bf2 c5 20.Ne2 h5 21.Nc3 Bc6 
22.Rcd1 Qf7 23.h4 gxh3 24.g3 Nh4 25.Be2 Nf3+ 26.Bxf3 Bxf3 27.Nd5 b5 28.Rc1
bxc4 29.Nb6 d5 30.Na4 Rc8 31.Kh2 Rc6 32.b3 cxb3 33.axb3 c4 34.bxc4 dxc4 
35.Nc3 Re8 36.Ne2 Rc7 37.Nd4 Be4 38.Qa5 Rb7 39.Re2 Bd3 40.Ra2 Ra8 41.Kxh3 
Kh7 42.Nf3 Bf6 43.Be1 Qg6 44.Kh2 Rg7 45.Qd2 Be4 46.Qf2 h4 47.gxh4 Qg4 48.
Ng5+ Rxg5 49.hxg5 Kg6 50.Qg3 Rh8+ 51.Kg1 Qxg3+ 52.Bxg3 Rh1+ 53.Kf2 Rxc1 
54.Ke2 Bd3+ 55.Kd2 Ra1 0-1

[Event "58h World U20 ch"]
[Site "New Delhi IND"]
[Date "2019.10.25"]
[Round "11.22"]
[White "Nitish, Belurkar"]
[Black "Tica, Sven"]
[Result "0-1"]
[WhiteElo "2311"]
[BlackElo "2418"]
[EventDate "2019.10.15"]
[PlyCount "54"]

1.d4 g6 2.e4 a6 3.Nc3 Bg7 4.Be3 b5 5.a3 Bb7 6.f4 d6 7.h3 Nd7 8.Nf3 Rc8 9.
Bd3 c5 10.d5 Ngf6 11.O-O O-O 12.Qd2 c4 13.Be2 Nc5 14.Bxc5 Rxc5 15.Nd4 Nxe4
16.Nxe4 Rxd5 17.c3 e5 18.f5 gxf5 19.Ng5 exd4 20.Bf3 dxc3 21.Qf4 Qb6+ 22.
Kh1 Re5 23.Bxb7 cxb2 24.Rae1 Qxb7 25.Rxe5 Bxe5 26.Qxf5 f6 27.h4 b1=Q 0-1

[Event "58h World U20 ch"]
[Site "New Delhi IND"]
[Date "2019.10.25"]
[Round "11.23"]
[White "Sammed Shete, Jaykumar"]
[Black "Raahul, Vijayakumar Sharmila"]
[Result "1-0"]
[WhiteElo "2392"]
[BlackElo "2262"]
[EventDate "2019.10.15"]
[PlyCount "61"]

1.e4 e5 2.Nf3 Nc6 3.Bc4 Bc5 4.d3 d6 5.O-O Nf6 6.c3 O-O 7.Re1 a6 8.Bb3 Ba7 
9.h3 Re8 10.Nbd2 Be6 11.Bc2 h6 12.Nf1 d5 13.exd5 Bxd5 14.Ng3 Qd7 15.Nh4 
Rad8 16.Nhf5 Bc5 17.b4 Bf8 18.a4 b5 19.Bd2 Be6 20.Qf3 e4 21.Nxh6+ Kh8 22.
Qf4 Nh7 23.d4 gxh6 24.Qxe4 f6 25.Qh4 Ng5 26.Nh5 Bg7 27.axb5 axb5 28.Nxf6 
Bxf6 29.Qxh6+ Kg8 30.Qxf6 Nf7 31.Re3 1-0

[Event "58h World U20 ch"]
[Site "New Delhi IND"]
[Date "2019.10.25"]
[Round "11.24"]
[White "Saurabh, Anand"]
[Black "Percivaldi, Martin"]
[Result "0-1"]
[WhiteElo "2236"]
[BlackElo "2391"]
[EventDate "2019.10.15"]
[PlyCount "115"]

1.e4 e5 2.Nf3 Nc6 3.Bb5 a6 4.Ba4 Nf6 5.O-O Be7 6.d3 b5 7.Bb3 d6 8.a4 Bd7 
9.Bd2 O-O 10.h3 h6 11.axb5 axb5 12.Nc3 Na5 13.Nd5 Nxd5 14.Bxa5 Nf4 15.Re1 
Qc8 16.Bd2 Rxa1 17.Qxa1 Nxg2 18.Kxg2 Bxh3+ 19.Kh2 Qg4 20.Rg1 Qxf3 21.Qd1 
Qxd1 22.Rxd1 Be6 23.Bxe6 fxe6 24.Kg3 Ra8 25.Kg4 Ra2 26.Rb1 Kh7 27.Kh5 g6+ 
28.Kg4 h5+ 29.Kh3 Bf6 30.Be3 Kg7 31.Bd2 Kf7 32.Be3 Be7 33.Bd2 d5 34.Be3 c5
35.f3 c4 36.dxc4 bxc4 37.c3 Bf6 38.Kg3 g5 39.Kh3 dxe4 40.fxe4 Kg6 41.Bc5 
g4+ 42.Kg3 Ra5 43.Bb4 Ra8 44.Rd1 Rd8 45.Rxd8 Bxd8 46.Bd6 Bf6 47.Bc5 Bg5 
48.Bd6 Bf4+ 49.Kh4 Bd2 50.Kg3 Be1+ 51.Kg2 Kf6 52.Bc7 h4 53.Bd8+ Kg6 54.Bc7
Bg3 55.Bd8 Kh5 56.Be7 Bf4 57.Bd8 h3+ 58.Kf2 0-1

[Event "58h World U20 ch"]
[Site "New Delhi IND"]
[Date "2019.10.25"]
[Round "11.25"]
[White "Dobrovoljc, Vid"]
[Black "Aaryan, Varshney"]
[Result "1-0"]
[WhiteElo "2389"]
[BlackElo "2239"]
[EventDate "2019.10.15"]
[PlyCount "75"]

1.e4 c5 2.Nf3 d6 3.d4 cxd4 4.Nxd4 Nf6 5.Nc3 a6 6.Bd3 e5 7.Nde2 Be7 8.O-O 
O-O 9.Ng3 Be6 10.Nd5 Nbd7 11.c4 Nc5 12.Bc2 b5 13.b4 Ncd7 14.Bd3 Rb8 15.a3 
Re8 16.Be3 Ng4 17.Bd2 Ngf6 18.Qe2 bxc4 19.Bxc4 Bxd5 20.exd5 Nb6 21.Bxa6 
Nfxd5 22.Bb5 Rf8 23.a4 Bg5 24.Rfd1 Nf4 25.Bxf4 Bxf4 26.Ne4 Qe7 27.g3 Bh6 
28.Nxd6 Rbd8 29.Nf5 Rxd1+ 30.Rxd1 Qxb4 31.Qxe5 Nxa4 32.Nxh6+ gxh6 33.Rd4 
Qb1+ 34.Kg2 f6 35.Rg4+ Kh8 36.Qe7 Rg8 37.Qxf6+ Rg7 38.Qxg7# 1-0